| 000 | 00598nam a22002177a 4500 | ||
|---|---|---|---|
| 003 | 0 | ||
| 005 | 20250103132538.0 | ||
| 008 | 250103b xxu||||| |||| 00| 0 eng d | ||
| 020 | _a9781641730250 | ||
| 050 |
_aQA 445 _b.M37 2024 |
||
| 100 |
_aMarks, Diana _eauthor. |
||
| 245 |
_aFoundations of geometry / _cDiana Marks. |
||
| 260 |
_aNew York, NY : _bLarsen & Keller, _c2024. |
||
| 300 |
_aviii, 223 p. : _bcol. ill. ; _c27 cm. |
||
| 440 | _aTextbook series. | ||
| 504 | _aIncludes index. | ||
| 650 | _aGeometry. | ||
| 650 | _aMathematics. | ||
| 650 | _aEuclid's Elements. | ||
| 942 |
_2lcc _cBK |
||
| 999 |
_c366865 _d366865 |
||